[Event "Linares Anibal op 07th"]
[Site "Linares"]
[Date "2000.01.16"]
[Round "10"]
[White "Zakharov, Alexander S"]
[Black "Sharma, Dinesh Kumar"]
[Result "1/2-1/2"]
[WhiteElo "2426"]
[BlackElo "2337"]
[Annotator "Hecht,H"]
[PlyCount "120"]
[EventDate "2000.01.07"]
[EventType "swiss"]
[EventRounds "10"]
[EventCountry "ESP"]
[SourceTitle "CBM 075"]
[Source "ChessBase"]
[SourceDate "2000.04.05"]
[SourceVersion "1"]
[SourceVersionDate "2000.04.05"]
[SourceQuality "1"]

1. Nf3 d5 2. c4 c6 3. e3 Nf6 4. Nc3 e6 5. b3 Nbd7 6. Bb2 Bd6 7. Qc2 O-O 8. Be2
Re8 9. O-O Qe7 10. d4 dxc4 11. Bxc4 h6 12. Rad1 e5 13. Nh4 Nf8 14. Nf5 Bxf5 15.
Qxf5 e4 16. f3 b5 17. Be2 exf3 18. Bxf3 b4 19. Na4 Qxe3+ 20. Kh1 Ng6 21. Bc1
Qe6 22. Bxc6 Qxf5 23. Rxf5 Ne7 24. Rxf6 gxf6 25. Bxa8 Rxa8 26. d5 Rd8 27. Bxh6
Nf5 28. Bc1 Kh7 29. g4 Ne7 30. Kg2 Rc8 31. Be3 Rc2+ 32. Rd2 Nxd5 33. Kf3 Nxe3
34. Rxd6 Nf1 35. h3 Nd2+ 36. Ke3 Nf1+ 37. Kd4 Rxa2 38. Kc4 a5 39. Kb5 Re2 40.
Kxa5 Nd2 41. Nc5 Nxb3+ 42. Nxb3 Re3 43. Nd4 Rxh3 44. Kxb4 Kg6 {[#] Erneut
reicht ein ein weißer Bauer nicht zum Gewinn. Auch nach Turmtausch hängen
Bauer, Springer und König unfähig für eine entscheidende Änderung zusammen.}
45. Rd8 (45. Nf5 Kg5 46. Rd4 Rf3 47. Kc4 Rf4 48. Ne3 Rxd4+ 49. Kxd4 Kf4 $11 {
führt zur Partie}) 45... Rh4 46. Rg8+ Kh7 47. Nf5 Kxg8 48. Nxh4 Kh7 49. Kc5 Kh6
50. Nf5+ (50. Nf3 Kg6 51. Kd6 f5 52. Nh4+ Kg5 53. gxf5 Kxh4 54. Ke7 Kg5 $11)
50... Kg5 51. Ne3 Kf4 52. Kd4 Kf3 53. Kd3 Kf4 54. Ke2 Kg3 55. Kd2 Kf3 56. Kd3
Kf4 57. Ke2 Kg3 58. Ke1 Kf3 59. Kd2 Kf4 60. Ke2 Kg3 1/2-1/2

[Event "FIDE-Wch k.o."]
[Site "Groningen"]
[Date "1997.12.22"]
[Round "5.3"]
[White "Gelfand, Boris"]
[Black "Dreev, Alexey"]
[Result "1/2-1/2"]
[WhiteElo "2695"]
[BlackElo "2640"]
[Annotator "Hecht,H"]
[PlyCount "183"]
[EventDate "1997.12.09"]
[EventType "k.o."]
[EventRounds "7"]
[EventCountry "NED"]
[SourceTitle "CBM 063"]
[Source "ChessBase"]
[SourceDate "1998.03.26"]
[SourceVersion "1"]
[SourceVersionDate "1998.03.26"]
[SourceQuality "1"]

1. d4 d5 2. c4 c6 3. Nf3 Nf6 4. Nc3 e6 5. e3 Nbd7 6. Qc2 b6 7. Bd3 Bb7 8. O-O
Be7 9. b3 Qc7 10. Bb2 Rd8 11. Rac1 Qb8 12. Rfd1 O-O 13. Ne5 Nxe5 14. dxe5 Ng4
15. Bxh7+ Kh8 16. Qe2 f5 17. h3 Kxh7 18. hxg4 f4 19. cxd5 exd5 20. Qd3+ Kg8 21.
exf4 Rxf4 22. Ne2 Rxg4 23. Qf5 Rh4 24. Qe6+ Kf8 25. Qf5+ Kg8 26. Qe6+ Kf8 27.
Rc3 Rh6 28. Rf3+ Ke8 29. Qf5 Bc8 30. Qf7+ Kd7 31. e6+ Rxe6 32. Nf4 Re4 33. Nxd5
cxd5 34. Qxd5+ Qd6 35. Qf5+ Kc7 36. Rc1+ Kb8 37. Qxe4 Bb7 38. Qf4 Qxf4 39. Rxf4
Bg5 40. Rcc4 Bxf4 41. Rxf4 {[#] Weiß gelingt nicht die Mobilisierung seiner am
Königsflügel entstehenden verbundenen Freibauern. Dreev versteht es unter
weiterem Bauernopfer ein starkes Gegenspiel mit seinem a-Freibauern
aufzuziehen. Weiteres Thema: aktiver schwarzer König.} g5 42. Rg4 Rd1+ 43. Kh2
Rd2 44. Be5+ Kc8 45. Rxg5 Be4 (45... Rxf2 $2 46. Rg8+ Kd7 47. Rg7+ Ke6 48. Rxb7
Kxe5 49. Rxa7 $18) 46. Kg3 Rxa2 47. f3 Bc2 48. b4 Kd7 49. Bc3 Ra3 50. Bd2 Rd3
51. Bf4 Rb3 52. Rg7+ Ke6 53. Bd2 Rd3 54. Be1 Rd1 55. Bf2 a5 56. Rb7 a4 57.
Rxb6+ Kd5 58. Ra6 Kc4 59. Bc5 Rd2 60. Bf8 Rd8 61. Be7 Rd7 62. Bc5 Rd2 63. Ra5
Rd5 64. Be7 Rd7 65. Bc5 Rd5 66. Be7 Rd7 67. Rc5+ Kb3 68. Bf6 Bd3 69. b5 Kb4 70.
Re5 a3 71. b6 a2 72. Re3 Bc4 73. Re8 Bd5 74. Re2 Rd6 75. Ba1 Rxb6 76. Kf4 Kc5
77. Rb2 Re6 78. Rc2+ Bc4 79. Rc1 Rb6 80. Ke3 Re6+ 81. Kf2 Re2+ 82. Kg3 Kb4 83.
Rd1 Kc5 84. Rd8 Re1 85. Bd4+ Kc6 86. Ra8 Kd5 87. Bh8 Re2 88. Ra5+ Ke6 89. Kh3
Rf2 90. Bd4 Rd2 91. Bc3 Rc2 92. Bd4 1/2-1/2

[Event "Evry 1st"]
[Site "Evry"]
[Date "2001.03.18"]
[Round "4"]
[White "Velikov, Petar"]
[Black "Bergez, Luc"]
[Result "1-0"]
[WhiteElo "2461"]
[BlackElo "2426"]
[Annotator "Hecht,H"]
[PlyCount "151"]
[EventDate "2001.03.??"]
[EventType "tourn"]
[EventRounds "9"]
[EventCountry "FRA"]
[EventCategory "8"]
[SourceTitle "CBM 083"]
[Source "ChessBase"]
[SourceDate "2001.07.05"]
[SourceVersion "1"]
[SourceVersionDate "2001.07.05"]
[SourceQuality "1"]

1. c4 c6 2. Nf3 d5 3. e3 Nf6 4. Nc3 e6 5. d4 Nbd7 6. Qc2 Bd6 7. Be2 O-O 8. O-O
e5 9. cxd5 Nxd5 10. Nxd5 cxd5 11. dxe5 Nxe5 12. Nd4 Qh4 13. h3 Bxh3 14. gxh3
Qxh3 15. f4 Qg3+ 16. Kh1 f5 17. Bf3 Nxf3 18. Nxf3 Qh3+ 19. Nh2 Rac8 20. Qg2
Qxg2+ 21. Kxg2 Rc2+ 22. Rf2 Rfc8 23. Rxc2 Rxc2+ 24. Kg3 d4 25. Nf3 dxe3 26.
Bxe3 Rxb2 27. Bxa7 b6 28. Rd1 Bc7 29. Rd7 Rc2 30. Ng5 Rc3+ 31. Kg2 Rc4 32. Bb8
Rxf4 33. Bxc7 Rg4+ 34. Kf3 Rxg5 35. Bxb6 {[#] Technisches Problem, da der
Läufer nicht das Umwandlungsfeld des Randbauern beherrscht.} h5 36. a4 h4 37.
a5 Rg3+ 38. Kf4 Ra3 39. Kxf5 h3 40. Rd4 Kf7 41. Rh4 g6+ 42. Kg4 Ke6 43. Rh6 Kd5
44. Rxg6 h2 45. Rh6 Ra2 46. Bc7 Kc5 47. Kf3 Kb5 48. Ke4 Kc5 49. Bb6+ Kb5 50.
Kd4 Rd2+ 51. Kc3 Ra2 52. Bd8 (52. Kb3 $1 Rg2 (52... Re2 53. Bc7 Re3+ 54. Kc2
Re7 55. Rh5+ Ka4 56. Bb6 Re2+ 57. Kc3 Ra2 58. a6 h1=Q 59. Ra5#) (52... Rd2 53.
Bc7 Rd3+ 54. Kc2 Ra3 55. Kb2 Re3 56. Rxh2 $18) 53. Bc7 Re2 54. Rh5+ Ka6 55.
Bxh2 $18) 52... Re2 53. Bb6 Ra2 54. Kd3 Rg2 55. Bc7 Ra2 56. Bxh2 $6 Rxa5 {
Der Rest ist nicht kritisch zu betrachten. Offenbar lag heftige
Zeitverknappung vor.} 57. Be5 Ra3+ 58. Kd4 Ra8 59. Kd5 Ka5 60. Rh3 Rg8 61. Rb3
Rg5 62. Kd4 Rh5 63. Rb2 Rf5 64. Rb7 Rh5 65. Ke4 Ka6 66. Rb3 Ka5 67. Bd6 Ka6 68.
Rb8 Ka5 69. Kd3 Ka6 (69... Rd5+ 70. Kc4 Rxd6 71. Kc5 Rh6 $11) 70. Rb3 Ka5 (
70... Rd5+ $11) 71. Kc4 Rh7 72. Bc5 Ka6 73. Rb8 (73. Ra3+ $2 Kb7 74. Ra7+ Kc6
75. Rxh7 {patt}) (73. Rb6+ $1 Ka5 74. Rg6 {[%cal Rc5b4]} Rc7 (74... Rh4+ 75.
Bd4 Re4 76. Rg1 Ka6 77. Rg7 $18) 75. Rf6 Rc8 76. Rf3 Ka6 77. Rf7 Ra8 78. Kb4
Rb8+ 79. Ka4 Ra8 80. Re7 $18) 73... Rc7 74. Rb6+ Ka5 $2 (74... Ka7 $11) 75. Rh6
Rf7 76. Bb4+ 1-0

[Event "Tilburg"]
[Site "Tilburg"]
[Date "1993.??.??"]
[Round "2"]
[White "Piket, Jeroen"]
[Black "Hertneck, Gerald"]
[Result "0-1"]
[WhiteElo "2590"]
[BlackElo "2555"]
[Annotator "Hertneck,G"]
[PlyCount "70"]
[EventDate "1993.11.??"]
[EventType "k.o."]
[EventRounds "7"]
[EventCountry "NED"]
[SourceTitle "CBM 039"]
[Source "ChessBase"]
[SourceDate "1994.04.01"]
[SourceVersion "1"]
[SourceVersionDate "1994.04.01"]
[SourceQuality "1"]

1. d4 d5 2. c4 c6 3. Nc3 Nf6 4. e3 a6 5. Bd2 $5 e6 (5... b5 6. cxb5 cxb5 7. a4
b4 8. Na2 a5 9. Nc1 $14) 6. Nf3 Nbd7 7. Qc2 Be7 8. Be2 $2 (8. e4 dxe4 9. Nxe4
Nxe4 10. Qxe4 Nf6 11. Qc2 $14) 8... dxc4 9. a4 (9. Bxc4 b5 $13) 9... c5 10.
Bxc4 O-O 11. O-O b6 12. dxc5 Bxc5 (12... Nxc5 $6 13. b4 Ncd7 14. b5 $36) (12...
bxc5 $5) 13. Ne4 Be7 14. Rfd1 Bb7 15. Nxf6+ Nxf6 16. Rac1 (16. Bb4 Qc7 17. Bxe7
Qxe7 $10) 16... Qb8 $1 {/\ b5, /\ Ng4} 17. Qb3 (17. h3 b5 $10) 17... Ng4 $1 18.
Qxb6 $1 Bd6 $1 (18... Bc5 $2 19. Qb3 Bd6 (19... Qc7 20. Ba5 $1 Qxa5 21. Qxb7
$16) 20. h3 Bh2+ 21. Kf1 Nxf2 22. Nxh2 $1 Qxh2 23. Qxb7 Nxd1 24. Rxd1 Rab8 25.
Qf3 Rxb2 26. Bxa6 $16) (18... Bxf3 $6 19. Qxb8 Rfxb8 20. gxf3 Ne5 21. Be2 Rxb2
22. f4 $14) 19. h3 $4 (19. Ba5 $8 Bxh2+ 20. Kf1 Nxf2 (20... Bxf3 $2 21. gxf3
Ne5 22. f4 $18) 21. Rd7 $1 (21. Kxf2 $2 Qg3+ 22. Kf1 Bxf3 23. gxf3 Rab8 $1 24.
Qc6 (24. Qd4 Rxb2 $1 $19) 24... Rxb2 25. Bd2 Bg1 $1 26. Ke2 Rd8 27. Bd5 Qh2+
28. Kd3 Qe5 $1 $19) (21. Nxh2 $2 Nxd1 22. Rxd1 Qxh2 23. Qxb7 Qh1+ 24. Ke2 Qh5+
$19) 21... Bxf3 22. Qxb8 (22. gxf3 $2 Qg3 $40) 22... Bxb8 (22... Raxb8 $2 23.
gxf3 Rxb2 24. Bc3 $18) 23. gxf3 Nh1 $13 (23... Nh3 $6 24. f4 g5 25. Kg2 g4 26.
Bb6 $44)) 19... Bh2+ 20. Kf1 Nxf2 $19 21. Bd5 (21. Kxf2 Qg3+ 22. Ke2 Qxg2+ 23.
Kd3 Bxf3 $19) (21. Nxh2 Nxd1 (21... Bxg2+ 22. Kxf2 Qxb6 23. Kxg2 Qxb2 24. Nf3
$13) 22. Kg1 Qg3 $19) 21... Nxd1 $1 (21... Bxd5 22. Qxb8 Bxb8 23. Kxf2 Bb3 24.
Re1 Bxa4 $17) 22. Bxb7 (22. Qxb7 exd5 $19) 22... Ra7 23. Rxd1 Rxb7 24. Qxa6
Rxb2 25. Bc3 Rb1 26. Qd3 Rxd1+ 27. Qxd1 Bg3 (27... Rd8 28. Qa1 Qb3 $1) 28. Qd4
Qb1+ 29. Ke2 f6 30. Qc4 Qh1 $1 31. Qxe6+ Kh8 32. Qe7 Qxg2+ 33. Kd3 Qf1+ 34. Kd2
Rc8 35. Qd7 Qc4 0-1

[Event "Vaujany op 5th"]
[Site "Vaujany"]
[Date "2014.07.17"]
[Round "8.4"]
[White "Horvath, Jozsef"]
[Black "Martynov, Pavel"]
[Result "1-0"]
[WhiteElo "2509"]
[BlackElo "2403"]
[Annotator "Horvath,J"]
[PlyCount "53"]
[EventDate "2014.07.10"]
[EventType "swiss"]
[EventRounds "9"]
[EventCountry "FRA"]
[SourceTitle "EXT 2017"]
[Source "ChessBase"]
[SourceDate "2016.10.25"]
[SourceVersion "1"]
[SourceVersionDate "2016.10.25"]
[SourceQuality "1"]

1. c4 c6 2. Nf3 Nf6 3. Nc3 d5 4. e3 e6 5. d4 Nbd7 6. Qc2 Bd6 7. b3 O-O 8. Be2
dxc4 9. bxc4 e5 10. O-O Re8 11. Rb1 (11. h3 exd4 12. exd4 Nf8 13. Rd1 Ng6 14.
Rb1 Rb8 15. Bd3 Nf4 16. d5 Nxd3 17. Qxd3 cxd5 18. cxd5 h6 19. Be3 b6 20. Nd4
Rb7 21. Ncb5 Bf8 22. Nc6 Qd7 23. Rbc1 a6 24. Nc3 b5 25. Na5 Rb8 26. Bxh6 b4 27.
Bf4 Rb6 28. Nc4 Rb7 29. Ne2 Rb5 30. Nd4 Nxd5 31. Nxb5 Nxf4 32. Qxd7 Bxd7 33.
Nd4 Ba4 34. Re1 Rd8 35. Nb3 Bc6 36. Ne3 Bb5 37. Rcd1 Ne2+ 38. Kh2 Rc8 39. Nf5
Nc3 40. Rd2 Ra8 {Vallejo Pons,F (2679)-Gelfand,B (2733) Monte Carlo 2007 1-0 
(78)}) 11... Qc7 $6 $146 (11... Qe7 $142 {Portisch,L (2570)-Polgar,Z (2535)
HUN-ch Budapest 1991 (3) 0-1}) 12. c5 $1 Be7 13. Ng5 b5 $6 (13... Nf8 {[%csl
Rh7]}) 14. d5 Nxc5 15. dxc6 a6 16. Nd5 Qxc6 17. Nxf6+ Bxf6 18. Qxh7+ Kf8 19.
Ba3 (19. Bf3 e4 20. Nxe4) 19... Bxg5 20. Qh8+ Ke7 21. Qh5 Bf6 (21... Kf6 22. f4
) 22. Bf3 e4 23. Bxc5+ Kd8 24. Rfd1+ Bd7 25. Bg4 Re5 26. Bxd7 Qxc5 27. Qh8+ 1-0

[Event "Olympiad-23"]
[Site "Buenos Aires"]
[Date "1978.10.26"]
[Round "2"]
[White "Huebner, Robert"]
[Black "Donoso Velasco, Pedro H"]
[Result "1-0"]
[WhiteElo "2595"]
[BlackElo "2405"]
[Annotator "Huebner,R"]
[PlyCount "85"]
[EventDate "1978.10.25"]
[EventType "team-swiss"]
[EventRounds "14"]
[EventCountry "ARG"]
[SourceTitle "EXT 2000"]
[Source "ChessBase"]
[SourceDate "1999.11.16"]
[SourceVersion "1"]
[SourceVersionDate "1999.11.16"]
[SourceQuality "1"]
[WhiteTeam "Germany"]
[BlackTeam "Chile"]
[WhiteTeamCountry "GER"]
[BlackTeamCountry "CHI"]

{Inf.26/596} 1. c4 Nf6 2. Nc3 e6 3. Nf3 d5 4. d4 c6 5. e3 Nbd7 6. Qc2 Bd6 7. b3
O-O 8. Bb2 Qe7 9. Be2 (9. Bd3 e5 10. cxd5 cxd5 11. dxe5 Nxe5 12. Nxe5 Bxe5 $11)
9... dxc4 (9... Ba3 10. Bxa3 Qxa3 11. O-O Qd6 12. Rad1 {/\ e4+/=}) 10. bxc4 e5
11. O-O Re8 12. Rfe1 b6 13. a4 a5 14. Rab1 Ba6 15. Ba1 Bc7 $6 (15... Rab8 $2
16. c5 $18) (15... e4 $5 16. Nd2 Bb4 17. f3 (17. Bf1 Nf8 18. g3 Bc8 19. Bg2 Bf5
$11) 17... exf3 18. Bxf3 Rac8 19. e4 $2 Qd6 20. Qd3 Ne5 $19) 16. g3 Rab8 17.
Bf1 (17. dxe5 Nxe5 18. Nxe5 Qxe5 19. Nd5) 17... Qf8 18. Ne2 {[/\ Bg2, dxe5]} c5
$2 (18... exd4 19. Nexd4 Qc5 20. Nd2 Ne5 21. h3 {/\ f4+/=}) 19. dxe5 (19. d5
Re7 {/\ Ne8, Nd6+/=}) 19... Nxe5 20. Nxe5 Bxe5 21. Bxe5 Rxe5 22. Nc3 $16 Qe8 (
22... Rh5 23. Qe2 {/\ e4-e5}) (22... Qd6 23. e4 Bb7 24. Bg2 Rbe8 25. Red1 Qc6
26. f4 R5e6 27. e5 Qxg2+ 28. Qxg2 Bxg2 29. Kxg2 Ng4 30. Nd5 {/\ h5+/-}) 23. e4
Qc6 24. f4 Ree8 25. Bg2 Bb7 (25... Bxc4 26. e5 Nd5 27. Qe4 $18) 26. Red1 (26.
Nd5 $5 Nxd5 27. cxd5 Qg6 28. Qc4 h5 29. e5 h4 30. Rb3) 26... Ng4 27. Qe2 f5 28.
h3 Nf6 29. e5 Ne4 (29... Qxg2+ 30. Qxg2 Bxg2 31. Kxg2 Ne4 32. Nxe4 fxe4 33. Kf2
{/\ Ke3+-}) 30. Nxe4 (30. Bxe4 fxe4 31. Rd6 Qc7 32. Rbxb6 Ba8 33. Qb2 Rxb6 34.
Qxb6 Qxb6 35. Rxb6 Rd8) 30... fxe4 31. Rd6 Qc7 (31... Qxa4 32. Rdxb6 Qd7 33.
Qb2 Re7 34. Bxe4 Qxh3 35. Qg2 Qxg2+ 36. Bxg2 a4 37. Bxb7 $18) 32. Rbxb6 (32.
Rdxb6 Bc6 $13) 32... e3 33. Rb5 (33. Qxe3 $2 Bxg2 34. Rxb8 Qxb8 35. Kxg2 Qxd6
$19) (33. Bxb7 $5 Rxb7 34. Rb5) 33... Bxg2 34. Kxg2 Rbd8 35. Rd5 Qc6 36. Rbxc5
$6 (36. Qd3 $18) 36... Qxa4 37. Rxa5 Qb3 38. Kf3 Rc8 39. Rab5 (39. Qxe3 Qxc4
$13) 39... Qc3 40. c5 Red8 41. Rd6 Qc1 (41... Rxd6 42. exd6 Rxc5 43. d7 $18)
42. Kg4 {[/\ Qd3]} Rf8 43. Rd1 1-0

[Event "Munich SKA"]
[Site "Munich"]
[Date "1994.05.27"]
[Round "6"]
[White "Huebner, Robert"]
[Black "Bareev, Evgeny"]
[Result "1/2-1/2"]
[WhiteElo "2610"]
[BlackElo "2685"]
[Annotator "Huebner,R"]
[PlyCount "69"]
[EventDate "1994.05.21"]
[EventType "tourn"]
[EventRounds "11"]
[EventCountry "GER"]
[EventCategory "16"]
[SourceTitle "CBM 042"]
[Source "ChessBase"]
[SourceDate "1994.10.01"]
[SourceVersion "1"]
[SourceVersionDate "1994.10.01"]
[SourceQuality "1"]

{CBM 43} 1. d4 d5 2. c4 c6 3. Nc3 Nf6 4. Nf3 e6 5. e3 Nbd7 6. Qc2 Bd6 7. Be2
O-O 8. O-O Qe7 9. b3 Re8 10. Bb2 b6 11. e4 Nxe4 12. Nxe4 dxe4 13. Qxe4 Bb7 14.
Ne5 f5 15. Qc2 c5 16. Nxd7 Qxd7 17. dxc5 bxc5 18. f4 Qc7 19. g3 Be4 (19... e5
20. Qxf5 exf4 21. Bd3 g6 22. Qf6 Re5 23. Rae1 (23. Bxe5 Bxe5 24. Qe6+ Kg7 {
/\25... Ld4 Weiß hat keine befriedigende Verteidigung.}) (23. Rxf4 Rf8) (23.
Bxg6 Rf8 24. Bxh7+ Qxh7 (24... Kxh7 $6 25. Qh4+) 25. Qxd6 Re2 $19) 23... Rf8 (
23... Qc6 $2 24. Be4) (23... Rae8 24. Rxe5 {Hiermit gewinnt Weiß einen Bauern.}
Rxe5 $2 25. Rxf4 $18) 24. Bxe5 Rxf6 25. Bxf6 fxg3 {Bareev} (25... f3 $142 26.
Rf2 {Dies scheint nötig zu sein.} (26. Be4 $2 Bxg3 27. Bxb7 f2+ $19) (26. Kf2
Qa5 27. Be4 $2 Qd2+ 28. Kxf3 Qd3+) 26... Bxg3 27. hxg3 Qxg3+ 28. Kf1 {/\Le5}
Qh3+ (28... Bc8 $2 29. Re8+ Kf7 30. Rxc8 Qh3+ 31. Ke1 Qxc8 32. Rxf3 {Diese
Variante schlägt nicht zum Vorteil von Schwarz aus.}) 29. Kg1 Qg3+ {Dauerschach
}) 26. hxg3 {Schwarz hat mit Schwierigkeiten zu kämpfen.} Bxg3 27. Re8+ Kf7 28.
Be5+) 20. Bd3 Bxd3 21. Qxd3 Rad8 22. Qc2 Be7 23. Be5 Qd7 24. Rad1 Qb7 25. Qb2
Rxd1 26. Rxd1 Rd8 27. Rxd8+ Bxd8 28. Qe2 Qd7 29. Kf2 Bf6 30. Qe3 Qc6 31. h3 Kf7
32. Qe2 Qh1 33. Qh5+ Ke7 34. Bxf6+ Kxf6 35. Qh4+ 1/2-1/2

[Event "Munich SKA"]
[Site "Munich"]
[Date "1994.05.22"]
[Round "2"]
[White "Lutz, Christopher"]
[Black "Jussupow, Artur"]
[Result "1/2-1/2"]
[WhiteElo "2595"]
[BlackElo "2655"]
[Annotator "Jussupow,A"]
[PlyCount "122"]
[EventDate "1994.05.21"]
[EventType "tourn"]
[EventRounds "11"]
[EventCountry "GER"]
[EventCategory "16"]
[SourceTitle "CBM 042"]
[Source "ChessBase"]
[SourceDate "1994.10.01"]
[SourceVersion "1"]
[SourceVersionDate "1994.10.01"]
[SourceQuality "1"]

1. d4 d5 2. c4 c6 3. Nf3 Nf6 4. Nc3 e6 5. e3 Nbd7 6. Qc2 Bd6 7. g4 h6 8. Bd2 (
8. Rg1 e5 (8... dxc4 9. Bxc4 b5 10. Bxe6 $1 (10. Be2 Bb7 11. e4 e5 12. Be3 exd4
13. Nxd4 Qc7 14. Rh1 (14. h4) 14... Bxh2 15. g5 hxg5 16. Ncxb5 Qb8 17. Nc3 $13
{Dreev-Bareev/Biel/izt/1993}) 10... fxe6 11. g5 (11. Qg6+ Kf8 12. g5 Ne8 13. e4
h5 14. e5) 11... O-O (11... hxg5 $2 12. Qg6+ Kf8 13. Nxg5 $18) 12. gxh6 Rf7 13.
Ng5 Re7 14. e4 $16 {Hazai/Lukacs}) 9. cxd5 (9. h4 exd4 10. Nxd4 Ne5 11. g5 hxg5
12. hxg5 Nfg4 $36 {Hazai/Lukacs}) (9. g5 hxg5 10. Rxg5 e4 11. Nd2 (11. Ne5 O-O)
11... O-O 12. cxd5 cxd5 13. Nxd5 Nxd5 14. Rxd5 Nf6 15. Rg5 Re8 $44 {Hazai/
Lukacs}) 9... cxd5 (9... Nxd5 $6 10. Ne4 Bb4+ $6 (10... Bc7) 11. Bd2 Bxd2+ 12.
Qxd2 Qe7 13. O-O-O exd4 14. Qxd4 N7f6 15. Bd3 Nxe4 16. Bxe4 Nf6 17. Bc2 (17.
Bf5 {Chekhov}) 17... Be6 18. g5 $1 $36 {Tukmakov-Illescas Cordoba/Groningen/
1993/} (18. h4 {Chekhov})) 10. h4 e4 11. g5 hxg5 12. hxg5 exf3 13. gxf6 Nxf6
14. Bd2 g6 15. Qd1 $13 {Wojtkiewicz-Lundstrom/Las Vegas/1993} Bh2 $5 16. Rh1
Bg4 {/\Rh5}) (8. h3 e5 9. cxd5 cxd5 10. dxe5 (10. Nb5 $2 Bb8 11. dxe5 Nxe5 12.
Nbd4 Ne4 $15 {Wojtkiewicz}) 10... Nxe5 11. Nxe5 Bxe5 12. Bd2 O-O (12... d4 13.
exd4 Bxd4 14. Nb5 Bb6 15. Bb4 $16 {Chekhov}) 13. Bg2 d4 $5 (13... Be6 14. f4
$14 {Wojtkiewicz-Khalifman/Rakvere/1993/}) 14. exd4 Bxd4 15. O-O-O $1 Qb6 $13 {
Yusupov} (15... Qc7 $6 16. Nb5 $1 Qxc2+ 17. Kxc2 Bxf2 $140 18. Bb4 $16 {
Wojtkiewicz})) 8... Qe7 (8... e5 $6 9. cxd5 Nxd5 (9... cxd5 10. Nb5 Bb8 11. Bb4
e4 12. Rc1) 10. O-O-O Qe7 (10... O-O 11. g5 $1 hxg5 12. h4 $1) 11. e4 Nxc3 12.
Bxc3 O-O 13. Rg1 $40 {Hazai/Lukacs}) (8... Nxg4 9. Rg1 Nxh2 10. Nxh2 Bxh2 11.
Rxg7 Qf6 12. Rg2 Bd6 13. O-O-O $44 {Pein}) 9. h3 (9. Be2 dxc4 {Pein}) (9. O-O-O
$6 Nxg4 10. Be1 {Pein-Kraidman/Tel Aviv/1992/} f5 $1 {Hazai/Lukacs}) (9. Rg1 e5
(9... dxc4 10. Bxc4 e5 $2 11. g5 $16 {Kjeldsen-Grotnes/Odense/1993}) 10. cxd5
Nxd5 11. Ne4 $5 (11. O-O-O Nxc3 12. Bxc3 e4 13. Nd2 Nf6 $10 {Hazai/Lukacs})
11... exd4 12. Nxd4 {Yusupov}) 9... b6 $5 $146 (9... e5 10. cxd5 (10. O-O-O e4
11. Nh4 g6 12. f3 Bg3 $13 {Hazai/Lukacs}) 10... Nxd5 (10... cxd5 11. Nb5 e4 12.
Nh4 (12. Rc1 O-O 13. Nh4 Nb6 14. Qb3 $13 {Pein}) 12... Nb6 13. Nxd6+ Qxd6 14.
Qc5 $14 {Hazai/Lukacs}) (10... e4 11. Nh4 {Hazai/Lukacs}) 11. O-O-O $1 (11.
Nxd5 cxd5 12. dxe5 Nxe5 13. Nxe5 Bxe5 14. Bg2 $13 {Pein}) 11... O-O (11... Nxc3
12. Bxc3 e4 13. Nd2 Nf6 14. Bg2 $16) (11... Nb4 12. Qb1 e4 13. Qxe4 Nxa2+ 14.
Kc2 $16) 12. Ne4 Bc7 13. Ng3 $1 exd4 (13... N7b6 14. e4 $16) 14. Nxd4 Bxg3 15.
Nf5 Qf6 16. fxg3 Ne5 17. e4 $16 {Hazai/Lukacs}) (9... a6 10. c5 (10. e4 dxe4
11. Nxe4 Nxe4 12. Qxe4 c5 13. Bg2 cxd4 14. Nxd4 Nc5 15. Qe2 O-O 16. O-O e5 $10
{Bareev-Kamsky/Groningen/1993}) 10... Bc7 11. O-O-O e5 12. Nh4 $1 (12. dxe5
Nxe5 13. Nxe5 Bxe5 $132) 12... g6 13. f4 $14 {Hazai/Lukacs}) (9... dxc4 10.
Bxc4 b5 11. Be2 Bb7 $10 {Hazai/Lukacs}) 10. cxd5 Nxd5 (10... cxd5 $6 11. Nb5
Bb7 12. Rc1 O-O 13. Nxd6 Qxd6 14. Qc7 $16) (10... exd5 $5) 11. Ne4 Bb7 12.
Nxd6+ Qxd6 13. e4 Nf4 $5 (13... Nb4 14. Qb3 $5 c5 $140 15. dxc5 bxc5 16. a3) (
13... Ne7 14. O-O-O $16) 14. O-O-O (14. e5 $2 Qd5) 14... O-O-O 15. g5 $5 (15.
Be3 g5 16. Nd2 Qc7 (16... f6 $10)) 15... Qc7 (15... hxg5 $6 16. Nxg5 Rhf8 17.
Kb1 Qc7 18. Rg1 $16) 16. gxh6 gxh6 17. Kb1 (17. Rg1 $5) (17. Be3 $13 {/\Nd2})
17... Nf6 $1 18. Ne5 N4h5 $2 (18... N6h5 $142 $36 {/\f6,c5} 19. Nd3 (19. Be3 c5
20. f3 f6 $36) (19. Rc1 $6 Rxd4 20. Nxc6 Bxc6 21. Qxc6 (21. Ba6+ Kd7 22. Bb5
Rc8 $1) 21... Qxc6 22. Rxc6+ Kb7 $15) 19... c5 20. f3 Nxd3 21. Bxd3 cxd4 $13)
19. Be3 c5 20. f3 Rhg8 (20... cxd4 21. Qxc7+ Kxc7 22. Bxd4 Rhf8 23. Rg1 $16)
21. Rg1 $1 $16 (21. Rc1 $6 Kb8 22. Nd3 Qg3 $1) 21... cxd4 (21... Rxg1 22. Bxg1
$16 {/\Bh2}) 22. Rxg8 Qxc2+ (22... Rxg8 $16) 23. Kxc2 Nxg8 24. Rxd4 $14 (24.
Nxf7 $1 Rd7 (24... Rf8 25. Nd6+ Kb8 (25... Kc7 26. Nb5+ $18) 26. Bxd4 Rxf3 27.
Be5 $16) 25. Bc4 $1 Ng7 26. Nxh6 (26. Ne5 Rc7) (26. Bxd4 Rxf7 27. Rg1 $16)
26... Rc7 (26... dxe3 27. Rxd7 Kxd7 28. Nxg8 Nh5 29. Kd3 $18 Nf4+ $140 30. Kxe3
Nxh3 31. f4) 27. Nxg8 dxe3 28. Kb3 $16) 24... Rxd4 25. Bxd4 f6 26. Ng4 f5 27.
exf5 exf5 28. Ne5 Bd5 $1 29. a4 Nf4 30. Be3 Ne6 31. Kc3 f4 32. Bd2 Kc7 33. b4
Ne7 $10 34. Bd3 Kd6 $22 (34... h5 $5) 35. Nf7+ Kd7 36. Ne5+ Kd6 37. Nf7+ Kd7
38. Nxh6 $22 Bxf3 $132 39. Nf7 Nd5+ 40. Kc4 Bg2 41. h4 Nf6 $1 {/\f3,Ng4} 42.
Ng5 f3 43. Ne4 Ng4 44. h5 (44. Be1 $142 Nf4 45. Nf2 $1 Nxf2 46. Bxf2 Nh3 47.
Bf5+ $10) 44... f2 45. Nxf2 Nxf2 46. Bf5 Be4 (46... Ne4 47. Bf4 Nd6+ 48. Bxd6
Kxd6 49. Bxe6 Bf1+ 50. Kd4 Kxe6 51. h6 Kf6 52. Kd5 $10) 47. Bxe4 Nxe4 48. Be3
Nd6+ 49. Kb3 $1 (49. Kd5 $2 Nc7+ $1) 49... Kc6 (49... Nf5 50. h6 Nf8 51. Bf4
$15) 50. h6 a6 (50... Kd5 51. h7 Nf7 52. b5 $10 {/\a5}) 51. h7 Nf7 52. b5+ $1
axb5 53. axb5+ Kc7 (53... Kxb5 54. Bxb6 $10) 54. Bh6 $10 Kd6 55. Be3 Kc7 56.
Bh6 Kc8 57. Be3 Kb7 58. Bh6 Kc7 59. Kb4 Kd6 60. Be3 Kc7 61. Bh6 Kd6 1/2-1/2